000 01167cam a2200349 a 4500
001 22460
003 SK-KTurca
005 20260328125558.0
008 240226s1994 xo gr 000 f slo
015 _aSNBA1995/05
020 _a8085352370
_q(súbor ;
_qviazané)
020 _a8085352400
_q(zväzok 3. ;
_qviazané)
035 _aSNK000021499
040 _aSNK
_bslo
_cSNK
_eAACR2
041 1 _aslo
_hfre
044 _axo
_cSK
072 7 _a821.133.1-3
_xFrancúzska próza, francúzsky písaná
_2konspekt
080 _a840-3
_21997
080 _a(0:82-311.6)
_22011
080 _a821.133.1-31
_22011
100 1 _aBenzoni, Juliette,
_d1920-2016
_4aut
240 1 3 _aLe trésor
_lSlovensky
245 1 0 _aV službách kráľa
_n3
_pStratený poklad
_cJuliette Benzoni ; [z francúzskeho originálu Le trésor ... preložil Alexander Halvoník]
246 3 0 _aStratený poklad
250 _a1. vyd.
260 _aBratislava
_bRemedium
_c1994
_eBratislava
_fTlačiareň BB
300 _a334 strán
_c24 cm
655 7 _afrancúzske romány
_2SNKPH
655 7 _ahistorické romány
_2SNKPH
700 1 _aHalvoník, Alexander,
_d1945-
_4trl
942 _2ddc
_cKLDO
_n0
999 _c22460
_d22460